LEADER 01154nam0 22002771i 450 001 UON00193272 005 20231205103223.607 010 $a08-549-6848-2 100 $a20030730d1993 |0itac50 ba 101 $aeng 102 $aGB 105 $a|||| ||||| 200 1 $aAnglo-Russica$eAspects of cultural relations between Great Britain and Russia in the Eigteenth and early Nineteenth century$fSelected essays by Anthony Cross 210 $aOxford$cBerg$d1993 215 $a269 p.$d21 cm. 410 1$1001UON00172879$12001 $aAnglo-Russian affinities series$1210 $aOxford$cBerg 606 $aRUSSIA$xRelazioni culturali$xInghilterra$xSec. 18.-19.$3UONC040113$2FI 620 $aGB$dOxford$3UONL000029 700 1$aCROSS$bAnthony$3UONV109782$0676718 712 $aBerg Publishers$3UONV263681$4650 801 $aIT$bSOL$c20240220$gRICA 899 $aSIBA - SISTEMA BIBLIOTECARIO DI ATENEO$2UONSI 912 $aUON00193272 950 $aSIBA - SISTEMA BIBLIOTECARIO DI ATENEO$dSI EO DUOMO IX H 0205 $eSI EO 26077 5 0205 996 $aAnglo-Russica$91291764 997 $aUNIOR LEADER 00956nam 2200253la 450 001 9910482080603321 005 20221102160419.0 035 $a(UK-CbPIL)2090324679 035 $a(CKB)5500000000088366 035 $a(EXLCZ)995500000000088366 100 $a20221102d1666 uy | 101 0 $alat 135 $aurcn||||a|bb| 200 10$aNoctes Atticę Aulus Gellius cum selectis novisque commentariis et accur. recents. Ant. Thysii et Jac. Oiselii 210 $aAmsterdam $cJohannes Janssonius van Waesberge, fl. 1642-1681$d1666 215 $aOnline resource (12°) 300 $aReproduction of original in Koninklijke Bibliotheek, Nationale bibliotheek van Nederland. 700 $aGellius$b Aulus$0172352 801 0$bUk-CbPIL 801 1$bUk-CbPIL 906 $aBOOK 912 $a9910482080603321 996 $aNoctes Atticę Aulus Gellius cum selectis novisque commentariis et accur. recents. Ant. Thysii et Jac. Oiselii$91998726 997 $aUNINA